00550nam a2200157 a 450000500170000000800410001702000180005805000280007610000150010424500690011926000350018830000220022365000100024599900190025595201180027420140412111306.0010425s19uu xx 00 eng d a0-7445-2034-7 aTR(GS 823.914bA74 1987 aAyres, Pam aGuess who? /cwritten by Pam Ayres; illustrated by Julie Lacone. aLondon :bWalker Books,c1987. a1v. (unp.) ; ill. aTitle c103716d103716 001040aELbELcTRd2001-04-25eLib. Fundl0oTR(GS 823.914 A74 1987pE5766r2014-04-12 00:00:00w2014-04-12yBK